01365nab a2200349 i 450000100060000000300080000600500170001400600190003100700150005000800410006502200140010603500210012004000310014105000230017208000100019508200150020510000380022024500830025826400500034130000430039131000140043433600310044833700330047933800430051236200460055558801290060165000480073065000360077865500320081477301070084685600620095324518FlNmELB20241216214156.0m o d | cr cnu||||||||140904c20079999ve fr p o 0 b0spa d z1856-7134 a(OCoLC)991976046 aFINmELBbspaerdacFINmELB 4aN7430.7bH558 2007 a7(05)0 a701.152231 aHernández Carmona, Luis Javier.13aLo grotesco como procedimiento artístico /cLuis Javier Hernández Carmona. 1aMaracaibo :bLa Universidad del Zulia,c2007. a1 recurso en línea (37-43 páginas) aSemestral atextobtxt2rdacontent/spa acomputadorabc2rdamedia/spa arecurso en líneabcr2rdacarrier/spa0 aNúmero 2, volumen 1 (enero-junio 2007)- aDescripción basada en recurso en línea; Título de la página del título en PDF (e-libro, visto September 04, 2014). 4aArtes visualesvPublicaciones periódicas. 0aVisual perceptionvPeriodicals. 4aArtículos electrónicos.0 tSituArte: revista arbitrada de la Facultad Experimental de Arte de la Universidad del Zuliax1856-713440uhttps://elibro.net/ereader/politecnicointernacional/26046